|
|
|
|
| LEADER |
00000nas a22000007a 4500 |
| 001 |
ssj0023806 |
| 003 |
WaSeSS |
| 005 |
20200512172242.0 |
| 006 |
m d |
| 007 |
cr n |
| 008 |
831221c19839999miuex pes 0 a0eng d |
| 010 |
|
|
|a sn 83006107
|
| 022 |
|
|
|l 0746-7451
|y 0746-7451
|
| 032 |
|
|
|a 097850
|b USPS
|
| 035 |
|
|
|a (WaSeSS)ssj0023806
|
| 037 |
|
|
|b Ash Publishing Co., 25042 W. Warren, Dearborn Hts., MI 48127
|
| 040 |
|
|
|a NSD
|b eng
|c NSD
|d OCLCQ
|d WaSeSS
|
| 042 |
|
|
|a nsdp
|
| 222 |
|
0 |
|a Hockey weekly
|
| 245 |
0 |
0 |
|a Hockey weekly
|h [electronic resource].
|
| 246 |
1 |
3 |
|a HW
|
| 246 |
3 |
0 |
|a H.W.
|
| 260 |
|
|
|a [Dearborn Hts., MI] :
|b [Ash Pub. Co.]
|
| 310 |
|
|
|a Thirty no. a year
|
| 362 |
1 |
|
|a Began in 1983.
|
| 506 |
|
|
|a License restrictions may limit access.
|
| 588 |
|
|
|a Description based on: Vol. 10, no. 6 (Nov. 1, 1983); title from caption.
|
| 655 |
|
0 |
|a Electronic journals.
|
| 780 |
0 |
0 |
|t Michigan hockey weekly
|x 0274-9254
|
| 856 |
4 |
0 |
|z Full text available from Research Library: 08/02/2000 to 04/26/2017
|u https://search.proquest.com/publication/8301
|